00911nam a22002657a 4500001001000000003000900010005001700019007000300036008003400039040005400073041001000127072001900137090001900156100001700175245011300192260006700305300001000372500002500382650000900407650001700416909003600433942000700469999001700476952015200493BR7400029BR-BrBNA20230928084453.0ta230509b bl.||||| |||| 00| 0 por d aBR-BrBNAbporcBiblioteca Nacional de Agricultura a(Por) aF00; H50b2120  2120 BR74000291 aCorrea, I.P.1 aSombreamento dos cafezaisbPalestra realizada a 22 de fevereiro no Salao Nobre da Sociedade Rural Brasileira3 aSao Paulo, SP (Brasil): bSeccao do Fomento Agricola, c[nd].  a14 p. aPublished after 1939 aCAFE aSOMBREAMENTO a202309bLuciac55dLucia Elande cBK c19177d19177 002AGRIS40708AGROBASEa41918b41918l0o 2120 BR7400029p2120 BR7400029r2023-09-25t01yBK10d2023-09-25ePortaria Interministerial nÂș 164/94